Statistics for Figure the Secret US State Out by 5 Clues in 60 Seconds #1

Click here to take the quiz!

General Stats

  • This quiz has been taken 173 times
  • The average score is 4 of 5

Answer Stats

Answer% Correct
2nd Clue - The name of this state contain two words.
100%
3rd Clue - The flag of this state is mostly blue.
99%
4th Clue - This state does not contain any of 20 most populated US cities.
88%
5th Clue - The largest city of this state shares its name with a British city.
74%
THE ANSWER IS {NEW HAMPSHIRE}.
49%

Score Distribution

Percentile by Number Answered

Percent of People with Each Score

Your Score History

You have not taken this quiz